00730nam a22002297a 450000500170000001000130001702000230003003500130005303700160006604000120008208200180009410000220011224500940013425000110022826000600023927000470029930000340034650000500038065000200043065000260045070000240047620170124110151.0 aB-106209 c325.00a8120323076 aB-106209 bCen Lib/Ret aDPLbEN a621.3822bSOL aSoliman, Samir S. aContinuous and discrete signals and systems /cby Samir S.Soliman [and] Mandyam D.Srinath a2nd ed aNew DelhibPrentice Hall of India Private Limitedc1998 aM-97, Connaught Circus bNew Delhie110001 axvii,525p. :c24cm(pbk)bill. aIncludes bibliographical references and index aSystem analysis aDiscrete-time systems aSrinath, Mandyam D.